<?xml version="1.0" encoding="UTF-8"?><?xml-stylesheet type="text/xsl" href="static/style.xsl"?><OAI-PMH xmlns="http://www.openarchives.org/OAI/2.0/" xmlns:xsi="http://www.w3.org/2001/XMLSchema-instance" xsi:schemaLocation="http://www.openarchives.org/OAI/2.0/ http://www.openarchives.org/OAI/2.0/OAI-PMH.xsd"><responseDate>2026-04-14T04:14:28Z</responseDate><request verb="GetRecord" identifier="oai:www.recercat.cat:20.500.12327/180" metadataPrefix="marc">https://recercat.cat/oai/request</request><GetRecord><record><header><identifier>oai:recercat.cat:20.500.12327/180</identifier><datestamp>2025-10-22T11:20:09Z</datestamp><setSpec>com_2072_4428</setSpec><setSpec>com_2072_4427</setSpec><setSpec>col_2072_487898</setSpec></header><metadata><record xmlns="http://www.loc.gov/MARC21/slim" xmlns:dcterms="http://purl.org/dc/terms/" xmlns:xsi="http://www.w3.org/2001/XMLSchema-instance" xmlns:doc="http://www.lyncode.com/xoai" xsi:schemaLocation="http://www.loc.gov/MARC21/slim http://www.loc.gov/standards/marcxml/schema/MARC21slim.xsd">
   <leader>00925njm 22002777a 4500</leader>
   <datafield ind2=" " ind1=" " tag="042">
      <subfield code="a">dc</subfield>
   </datafield>
   <datafield ind2=" " ind1=" " tag="720">
      <subfield code="a">Herrera-Uribe, Júber</subfield>
      <subfield code="e">author</subfield>
   </datafield>
   <datafield ind2=" " ind1=" " tag="720">
      <subfield code="a">Jiménez-Marín, Ángeles</subfield>
      <subfield code="e">author</subfield>
   </datafield>
   <datafield ind2=" " ind1=" " tag="720">
      <subfield code="a">Lacasta, Anna</subfield>
      <subfield code="e">author</subfield>
   </datafield>
   <datafield ind2=" " ind1=" " tag="720">
      <subfield code="a">L. Monteagudo, Paula</subfield>
      <subfield code="e">author</subfield>
   </datafield>
   <datafield ind2=" " ind1=" " tag="720">
      <subfield code="a">Pina-Pedrero, Sonia</subfield>
      <subfield code="e">author</subfield>
   </datafield>
   <datafield ind2=" " ind1=" " tag="720">
      <subfield code="a">Rodríguez, Fernando</subfield>
      <subfield code="e">author</subfield>
   </datafield>
   <datafield ind2=" " ind1=" " tag="720">
      <subfield code="a">Moreno, Ángela</subfield>
      <subfield code="e">author</subfield>
   </datafield>
   <datafield ind2=" " ind1=" " tag="720">
      <subfield code="a">Garrido, Juan J.</subfield>
      <subfield code="e">author</subfield>
   </datafield>
   <datafield ind2=" " ind1=" " tag="260">
      <subfield code="c">2018-09-12</subfield>
   </datafield>
   <datafield ind2=" " ind1=" " tag="520">
      <subfield code="a">African swine fever (ASF) is a pathology of pigs against which there is no treatment or vaccine. Understanding the&#xd;
equilibrium between innate and adaptive protective responses and immune pathology might contribute to the&#xd;
development of strategies against ASFV. Here we compare, using a proteomic approach, the course of the in vivo&#xd;
infection caused by two homologous strains: the virulent E75 and the attenuated E75CV1. Our results show a progres‑&#xd;
sive loss of proteins by day 7 post-infection (pi) with E75, refecting tissue destruction. Many signal pathways were&#xd;
afected by both infections but in diferent ways and extensions. Cytoskeletal remodelling and clathrin-endocytosis&#xd;
were afected by both isolates, while a greater number of proteins involved on infammatory and immunological&#xd;
pathways were altered by E75CV1. 14-3-3 mediated signalling, related to immunity and apoptosis, was inhibited&#xd;
by both isolates. The implication of the Rho GTPases by E75CV1 throughout infection is also evident. Early events&#xd;
refected the lack of E75 recognition by the immune system, an evasion strategy acquired by the virulent strains, and&#xd;
signifcant changes at 7 days post-infection (dpi), coinciding with the peak of infection and the time of death. The&#xd;
protein signature at day 31 pi with E75CV1 seems to refect events observed at 1 dpi, including the upregulation of&#xd;
proteosomal subunits and molecules described as autoantigens (vimentin, HSPB1, enolase and lymphocyte cytosolic&#xd;
protein 1), which allow the speculation that auto-antibodies could contribute to chronic ASFV infections. Therefore,&#xd;
the use of proteomics could help understand ASFV pathogenesis and immune protection, opening new avenues for&#xd;
future research.</subfield>
   </datafield>
   <datafield ind1="8" ind2=" " tag="024">
      <subfield code="a">Herrera-Uribe, Júber, Ángeles Jiménez-Marín, Anna Lacasta, Paula L. Monteagudo, Sonia Pina-Pedrero, Fernando Rodríguez, Ángela Moreno, and Juan J. Garrido. 2018. "Comparative Proteomic Analysis Reveals Different Responses In Porcine Lymph Nodes To Virulent And Attenuated Homologous African Swine Fever Virus Strains". Veterinary Research 49 (1). Springer Nature America, Inc. doi:10.1186/s13567-018-0585-z.</subfield>
   </datafield>
   <datafield ind1="8" ind2=" " tag="024">
      <subfield code="a">0928-4249</subfield>
   </datafield>
   <datafield ind1="8" ind2=" " tag="024">
      <subfield code="a">http://hdl.handle.net/20.500.12327/180</subfield>
   </datafield>
   <datafield ind1="8" ind2=" " tag="024">
      <subfield code="a">https://doi.org/10.1186/s13567-018-0585-z</subfield>
   </datafield>
   <datafield ind2="0" ind1="0" tag="245">
      <subfield code="a">Comparative proteomic analysis reveals different responses in porcine lymph nodes to virulent and attenuated homologous African swine fever virus strains</subfield>
   </datafield>
</record></metadata></record></GetRecord></OAI-PMH>